000 00456nam a2200205Ia 4500
003 0100
008 130303s9999 xx 000 0 und d
040 _cARRUPELIB
050 _aB3376.W564B7 1979
100 _aBrand, Gerd
245 4 _aThe essential Wittgenstein
260 _aNew York
260 _bBasic books
260 _C1979
300 _a182p.
300 _b 23 cm.
650 _aPHILOSOPHY
700 _aInnis, Robert E
942 0 0 _02
999 _c26797
_d26797